000
00324 a2200121 4500
000
nam a22 7a 4500
005
20260206170509.0
020
_a
9789391524210
100
_a
Parshuram Shukl
_9
1114299
245
_a
Vishwa Jalchar Kosh (5 Volume Set)
260
_b
Anamika Publishers & Distributors
_c
2023
942
_c
TEXL
999
_c
1678846
_d
1678846